000 01333nam a2200229 4500
001 9577
010 _a978-9938-9735-2-5
090 _a9577
099 _tLIVR
100 _a20260324d u||y0frey5050 ba
101 _afre
_aeng
_aara
102 _aMA
200 _aLes coudées franches - A free hand - الأيادي الطليقة
_bLIVR
_e Parcours d'émancipation en sciences sociales au Maghreb
_e Emancipation pathways for the social sciences in the Maghreb
_e مسار التحرر في العلوم الاجتماعية المغاربية
_fDakhlia Jocelyne
_gTraduit par Bechir Lamine
_gترجمة رجاء بن سلامة
210 _aMaroc
_cNachaz Dissonance
_d2024
215 _a98 p.
_d20.5x14.5
_ccouv.coul.
330 _a"Ce qui n'est pas audible aujourd'hui le sera peut-être demain, dans dix ans... En tout cas, dans un moment où l'on appelle de toute part à une refonte globale de l'ordre du monde, un magnifique espace s'ouvre à nous pour produire une nouvelle force de proposition. Et s'il faut "répondre", répondons d'abord de nous-mêmes…"
606 _aAFRIQUE DU NORD
_xSCIENCE SOCIALE
_xRECHERCHE SCIENTIFIQUE
_yTUNISIE
_926459
700 _4070
_aDakhlia
_bJocelyne
_926442
702 _4730
_a Lamine
_bBechir
_926460
702 _4730
_aBen Slama
_bRaja
_926461
801 _aTN
_b32BIS
_c20260324
_gUNIMARC
830 _aSG